Statistics for Chelsea FC Best Goalscorers - Top 25

Click here to take the quiz!

General Stats

  • This quiz has been taken 246 times
    (216 since last reset)
  • The average score is 7 of 25

Answer Stats

PlacePlayerNumber of goals% Correct
1.Frank Lampard211
98%
4.Didier Drogba164
95%
9.Eden Hazard110
80%
15.Gianfranco Zola80
67%
20.John Terry67
60%
13.Jimmy Floyd Hasselbaink87
54%
5.Peter Osgood150
43%
2.Bobby Tambling202
38%
17.Eidur Gudjohnsen78
35%
3.Kerry Dixon193
34%
7.Jimmy Greaves132
31%
18.Dennis Wise76
27%
5.Roy Bentley150
20%
21.Dick Spence66
14%
24.David Speedie64
11%
10.George Hilsdon108
6%
8.George Mills125
5%
24.John Hollins64
5%
11.Barry Bridges93
3%
23.Clive Walker65
3%
12.Tommy Baldwin92
3%
14.Hughie Gallacher81
2%
15.Bob Whittingham80
0%
21.John McNichol66
0%
19.Ron Tindall69
0%

Score Distribution

Percentile by Number Answered

Percent of People with Each Score

Your Score History

You have not taken this quiz since the last reset